<?xml version="1.0" encoding="UTF-8"?>
<record
    xmlns:xsi="http://www.w3.org/2001/XMLSchema-instance"
    xsi:schemaLocation="http://www.loc.gov/MARC21/slim http://www.loc.gov/standards/marcxml/schema/MARC21slim.xsd"
    xmlns="http://www.loc.gov/MARC21/slim">

  <leader>02053nam a2200289Ia 4500</leader>
  <controlfield tag="001">H4409</controlfield>
  <controlfield tag="003">IT-RoPAU</controlfield>
  <controlfield tag="008">130308s9999    xx            000 0 und d</controlfield>
  <datafield tag="040" ind1=" " ind2=" ">
    <subfield code="a">IT-RoPAU</subfield>
  </datafield>
  <datafield tag="040" ind1=" " ind2=" ">
    <subfield code="c">IT-RoPAU</subfield>
  </datafield>
  <datafield tag="041" ind1=" " ind2=" ">
    <subfield code="a">ITALIANO</subfield>
  </datafield>
  <datafield tag="100" ind1=" " ind2=" ">
    <subfield code="a">Varallo Franca</subfield>
  </datafield>
  <datafield tag="100" ind1=" " ind2=" ">
    <subfield code="g">Codice Aut. SPICS: 14550</subfield>
  </datafield>
  <datafield tag="245" ind1=" " ind2=" ">
    <subfield code="a">Bosch</subfield>
  </datafield>
  <datafield tag="245" ind1=" " ind2=" ">
    <subfield code="b">Bosch</subfield>
  </datafield>
  <datafield tag="250" ind1=" " ind2=" ">
    <subfield code="a">1a ed.</subfield>
  </datafield>
  <datafield tag="260" ind1=" " ind2=" ">
    <subfield code="a">MILANO</subfield>
  </datafield>
  <datafield tag="260" ind1=" " ind2=" ">
    <subfield code="b">Corriere Della Sera</subfield>
  </datafield>
  <datafield tag="260" ind1=" " ind2=" ">
    <subfield code="c">2004 [1&#xB0; Ed.:2004 - Ed.Ling.Originale:2004]</subfield>
  </datafield>
  <datafield tag="300" ind1=" " ind2=" ">
    <subfield code="a">"192 p. (prefazione: no ; testo: 192 [pagine: 0-0])"</subfield>
  </datafield>
  <datafield tag="500" ind1=" " ind2=" ">
    <subfield code="a">"Presentazione di Dino Buzzati: Il maestro del giudizio Universale. La Vita, L'Arte e I capolavori a cura di Franca Varallo. Apparati: tavola Cronologica; collocazione Geografica delle Opere; breve Antologia Critica; Consiglibibliografici. I Capolavori: Adorazione dei Magi; Ecce Homo; Trittico Delgiardino delle Delizie: Creazione del Mondo, paradiso Terrestre, Giardino delle Delizie, Inferno; Trittico del giudizio di Vienna: San Giacomo maggiore e San Bavone, peccato Originale, giudizio Finale, Inferno; San Gerolamo in Preghiera; Crocifissione con Donatore; Incoronazione di spine o Cristo Deriso; Trittico dell'Adorazione dei Magi: messa di San Gregorio, committente con San Pietro, Adorazione dei Magi, committente con Sant'Agnese; Trittico del giudizio di Bruges: Incoronazione di Spine, gli Eletti, giudizio Finale, I Dannati; San Giovanni Battista in Meditazione; San Giovanni a Patmos;Storie della Passione; Quattro Sportelli con Visione dell'Aldila': paradiso Terrestre, Ascesa All'Empireo, caduta dei Dannati, Inferno; Trittico degli Eremiti: San Gerolamo, Sant'Antonio, Sant'Egidio; venditore Ambulante; nave dei Folli; Morte di un Avaro; Estrazione della pietra della Follia; San Cristoforo; Trittico della martire Crocifissa: Sant'Antonio, martire Crocifissa, soldato Condotto da un Monaco; Cristo Portacroce; Adorazione dei Magi."</subfield>
  </datafield>
  <datafield tag="650" ind1=" " ind2=" ">
    <subfield code="a">AUTORI/OPERE DI PITTURA</subfield>
  </datafield>
  <datafield tag="650" ind1=" " ind2=" ">
    <subfield code="e">Codice materia Spics: 5207</subfield>
  </datafield>
  <datafield tag="942" ind1=" " ind2=" ">
    <subfield code="c">BK</subfield>
  </datafield>
  <datafield tag="957" ind1=" " ind2=" ">
    <subfield code="7">1</subfield>
  </datafield>
  <datafield tag="999" ind1=" " ind2=" ">
    <subfield code="c">91152</subfield>
    <subfield code="d">91152</subfield>
  </datafield>
  <datafield tag="999" ind1=" " ind2=" ">
    <subfield code="g">1</subfield>
  </datafield>
  <datafield tag="952" ind1=" " ind2=" ">
    <subfield code="0">0</subfield>
    <subfield code="1">0</subfield>
    <subfield code="4">0</subfield>
    <subfield code="6">H_000000000000000_4409</subfield>
    <subfield code="7">1</subfield>
    <subfield code="a">SPICS</subfield>
    <subfield code="b">SPICS</subfield>
    <subfield code="d">2013-03-08</subfield>
    <subfield code="l">0</subfield>
    <subfield code="o">H4409</subfield>
    <subfield code="r">2013-03-08 00:00:00</subfield>
    <subfield code="w">2013-03-08</subfield>
    <subfield code="y">BK</subfield>
    <subfield code="z">Progressivo inserimento:  23961 /  N. Volumi: 1 Copie: 1  / data import: 1 marzo 2013 - By Epidotti, Trombetti, Vaglietti. </subfield>
  </datafield>
</record>
